000 00851nam a2200229 a 4500
999 _c11687
_d11687
001 11687
003 BD-JhCC
005 20200719100608.0
008 200719b2020 bg a|||| ||a| 000 0 ben d
020 _a9789845101127
035 _a(BD-JhCC)11687
040 _aBD-JhCC
_dBD-JhCC
041 _aben
082 _a891.4409
_bMAM 2020
100 _aমামুন, বেলায়াত হোসেন
245 _aসিনেয়াস্টের ডায়েরি:
_bচলচ্চিত্র সমালোচনা, বক্তৃতা, স্মৃতি ও স্মরণ /
_cবেলায়াত হোসেন মামুন ।
260 _aঢাকা:
_bকথাপ্রকাশ;
_c২০২০.
300 _a326 p. :
_bill;
_c22 cm.
650 _aBengali literature
942 _2ddc
_cBK